latest development of HEMM (Record no. 5064)

MARC details
000 -LEADER
fixed length control field 00395nam a22001697a 4500
005 - DATE AND TIME OF LATEST TRANSACTION
control field 20210907143148.0
008 - FIXED-LENGTH DATA ELEMENTS--GENERAL INFORMATION
fixed length control field 160701b xxu||||| |||| 00| 0 eng d
020 ## - INTERNATIONAL STANDARD BOOK NUMBER
ISBN 978817515712-5
041 ## - LANGUAGE CODE
Language code of text/sound track or separate title eng
082 ## - DEWEY DECIMAL CLASSIFICATION NUMBER
Item number 20363
100 ## - MAIN ENTRY--AUTHOR NAME
Personal name De, Prof. Amitosh
245 ## - TITLE STATEMENT
Title latest development of HEMM
260 ## - PUBLICATION, DISTRIBUTION, ETC. (IMPRINT)
Name of publisher Galgatas
Year of publication 2014
300 ## - PHYSICAL DESCRIPTION
Number of Pages 312
650 ## - SUBJECT ADDED ENTRY--TOPICAL TERM
Topical Term Agriculture
942 ## - ADDED ENTRY ELEMENTS (KOHA)
Koha item type Books
Holdings
Lost status Damaged status Collection code Home library Current library Shelving location Date acquired Cost, normal purchase price Full call number Accession Number Koha item type Source of acquisition
    Reference JRU Library   SHELF-6-E 01/07/2016 295.00 20363 20363 Books  
    MINING JRU Library JRU Library SHELF-60-F 01/07/2016 295.00 20363 20364 Books  
    MINING JRU Library JRU Library SHELF-60-F 01/07/2016 295.00 20363 20365 Books  
    MINING JRU Library JRU Library SHELF-60-F 01/07/2016 295.00 20363 20366 Books PURCHASE
    MINING JRU Library JRU Library SHELF-60-F 01/07/2016 295.00 20363 20367 Books  
    MINING JRU Library JRU Library SHELF-60-F 22/10/2016 295.00 20363 21341 Books Purchase
      JRU Library   SHELF-7-A 22/10/2016 295.00 20363 21342 Books Purchase
      JRU Library   SHELF-7-A 22/10/2016 295.00 20363 21343 Books Purchase
    MINING JRU Library JRU Library SHELF-60-F 22/10/2016 295.00   21344 Books Purchase
      JRU Library   SHELF-7-A 22/10/2016 295.00 20363 21345 Books Purchase